|
书名:
|
材料力学下册
|
|
|
作者:
|
于绶章
编
|
|
出版信息:
|
北京
高等教育出版社
1983.03
|
|
开本页数:
|
19cm 
341页
|
|
丛书名:
|
|
|
单 册:
|
|
|
中图分类:
|
TU
|
|
科图分类:
|
|
|
主题词:
|
建筑学
|
|
电子资源:
|
|
|
ISBN:
|
|
|
000
|
00556nam0 2200205 450
|
|
001
|
0640937500
|
|
005
|
20060308170648.06
|
|
010
|
|
@dCNY1.30
|
|
100
|
|
@a20060227d1983 km y0chiy0120 ea
|
|
101
|
0
|
@achi
|
|
102
|
|
@aCN@b110000
|
|
200
|
1
|
@a材料力学@Acai liao li xue@h下册@f于绶章等编@Fyu shou zhang deng bian
|
|
210
|
|
@a北京@c高等教育出版社@d1983.03
|
|
215
|
|
@a341页@d19cm
|
|
300
|
|
@a兼作高等教育自学用书
|
|
606
|
0
|
@a建筑学
|
|
690
|
|
@aTU@v3
|
|
701
|
0
|
@a于绶章@Ayu shou zhang@4编
|
|
801
|
0
|
@aCN@bNISOFT@c20060308
|
|
905
|
|
@a10447@dTU@e236:2
|
|
|
|
|
| |
| 材料力学.下册/于绶章等编.-北京:高等教育出版社,1983.03 |
| 341页;19cm |
| 兼作高等教育自学用书 |
| |
| ISBN :CNY1.30 |
| |
| ● |
正题名:材料力学
索取号:TU/236:2
 
预约/预借
| 序号
|
登录号
|
条形码
|
馆藏地/架位号
|
状态
|
备注
|
|
1
|
109150
|
201091503
|
海科密-1楼/55架9列3层/
[索取号:TU/236:2]
|
在馆
|
|